| 000 | 00653nam a22002177a 4500 | ||
|---|---|---|---|
| 003 | OSt | ||
| 005 | 20251023062822.0 | ||
| 008 | 250924b |||||||| |||| 00| 0 eng d | ||
| 020 | _a978-1-84392-241-4. | ||
| 040 |
_aDWCL-Main lib _cOC |
||
| 082 | _aCirc. 364.15 H918 2007 | ||
| 245 | _aHuman trafficking | ||
| 260 |
_aUK : _bWillan Pub., _cc2007. |
||
| 300 |
_axii, 239 pages ; _c23 cm. |
||
| 504 | _aIncludes bibliographical references and index. | ||
| 650 | _21. Human smuggling-Case studies. | ||
| 650 | _22. Human smuggling. | ||
| 650 | _23. Human trafficking-Case studies. | ||
| 650 | _24. Human trafficking. | ||
| 942 |
_2ddc _cBK-CIRC _kCirc. _n0 |
||
| 999 |
_c4525 _d4525 |
||